000 00377pab a2200145 454500
008 180718b1991 xxu||||| |||| 00| 0 eng d
100 _aChaturvedi, J.P.
245 _aAmbedkar's contribution to national unity
260 _c1991
300 _a29-32
362 _a28 Sept.
650 _aAmbedkar, B.R. - Criticism And Inter - Pretation
773 _aMainstream
909 _a3945
999 _c3945
_d3945